| 000 | 00670cam a22002293a 4500 | ||
|---|---|---|---|
| 001 | 34917 | ||
| 003 | PGUSA | ||
| 005 | 20140828083743.0 | ||
| 008 | 110111s2011||||xxu|||||s|||||000 | eng d | ||
| 040 |
_aPGUSA _beng |
||
| 042 | _adc | ||
| 100 | 1 |
_aStreckfuss, Adolph, _d1823-1895 |
|
| 245 | 1 | 4 |
_aThe Lonely House _h[electronic resource] / _cAdolph Streckfuss |
| 260 |
_bProject Gutenberg, _c2011 |
||
| 506 | _aPublic domain in the USA. | ||
| 516 | _aElectronic text | ||
| 700 | 1 |
_aWister, A. L. _q(Annis Lee), _d1830-1908 |
|
| 700 | 1 | _aWeber-Ditzler, Charlotte | |
| 830 | 0 |
_aProject Gutenberg _v34917 |
|
| 856 | 4 | 0 | _uhttp://www.gutenberg.org/ebooks/34917 |
| 942 | _cEB | ||
| 999 |
_c264172 _d264172 |
||